1576 1881 1895 1534 1621 1025 1181 1760 1538 1394 1725 1902 1262 1415 1505 1471 1701 1137 1156 1879 1092 1419 1442 1356 1031 1250 1333 1121 1911 1951 1761 1496 1774 1055 1305 1708 1840 1672 1306 1262 1778 1093 1664 1706 1753 1990 1077 1974 1118 1782 1965 1823 1617 1085 1523 1260 1861 1411 1570 1098 1774 1835 1573 1703 1838 1115 1975 1605 1432 1513 1038 1255 1127 1424 1785 1018 1610 1409 1661 1875 1597 1300 1929 1162 1597 1316 1449 1535 1239 1273 1481 1581 1144 1274 1103 1304 1139 1271 1510 BCNSPRNW ULIB Ver.6.0+V

เปลี่ยนเป็นภาษาไทย

Change to English
 แสดงรายละเอียดบรรณานุกรม
  กลับหน้าหลัก

Brief Record : Get Marc (ISO 2709) : E-mail record : QR code < ปิดหน้าต่าง
LEADER : 00000nam 2200000uu 4500
001    13399123826
003     ULIB
008    141202s2556||||th 000 0 tha d
020    ^a9786167519166
060 04 ^aWJ300^bล145ธ
100 0  ^aลลิตา ธีระสิริ
245 00 ^aธรรมชาติบำบัดโรคไต /^cลลิตา ธีระสิริ
260    ^aกรุงเทพฯ :^bรวมทรรศน์,^c2556
300    ^a140 หน้า :^bภาพประกอบ ;^c19 ซม.
650  4 ^aไต, โรค^xพยาธิวิทยา
650  4 ^aไต, โรค^xการรักษา
650  4 ^aไต, โรค
945    ^p170^l0^i22259
945    ^p170^l0^i22260
999    ^aทศพร เกษรทอง
รายการนี้ยังไม่มีแท็ก
คุณยังไม่ได้ล็อกอิน คุณสามารถมีกิจกรรมร่วมกับเว็บไซต์ได้ แต่ต้องล็อกอินก่อน ::
  ล็อกอิน

รายการสื่อสารสนเทศ

ลำดับที่ ประเภท เลขเรียก/บาร์โค้ด สถานที่ สถานะ
1. วิทยาศาสตร์การแพทย์ และสุขภาพ
วิทยาศาสตร์การแพทย์ และสุขภาพ
สถานะ=หนังสือเก่า
WJ300 ล145ธ ฉ.1 
  Barcode: 22259
ห้องสมุดวิทยาเขตนครสวรรค์
►ส่วนจัดเก็บหนังสือเก่า นว.
บนชั้น
  ขอยืม
2. วิทยาศาสตร์การแพทย์ และสุขภาพ
วิทยาศาสตร์การแพทย์ และสุขภาพ
สถานะ=หนังสือเก่า
WJ300 ล145ธ ฉ.2 
  Barcode: 22260
ห้องสมุดวิทยาเขตนครสวรรค์
►ส่วนจัดเก็บหนังสือเก่า นว.
บนชั้น
  ขอยืม

รายการใกล้เคียง
    ผู้แต่ง [ลลิตา ธีระสิริ]

    หัวเรื่อง [ไต, โรค]

BibComment


ยังไม่เคยถูกคอมเมนท์

คอมเมนท์ทรัพยากรรายการนี้
  คอมเมนท์: ธรรมชาติบำบัดโรค..


 Copyright 2026. Bcnsprnw @Library